Температурное поле в объеме микрочастицы при ее контакте с поверхностью; Современные техника и технологии; Т. 2

Bibliografske podrobnosti
Parent link:Современные техника и технологии: сборник трудов XIX международной научно-практической конференции студентов, аспирантов и молодых ученых, Томск, 15-19 апреля 2013 г./ Национальный исследовательский Томский политехнический университет (ТПУ).— , 2013
Т. 2.— 2013.— [С. 142-143]
Glavni avtor: Рязанова М.
Korporativna značnica: Национальный исследовательский Томский политехнический университет (ТПУ) Институт физики высоких технологий (ИФВТ) Кафедра материаловедения в машиностроении (ММС)
Drugi avtorji: Зенин Б. С. Борис Сергеевич (научный руководитель)
Izvleček:Заглавие с титульного экрана
Jezik:ruščina
Izdano: 2013
Serija:Материаловедение
Teme:
Online dostop:http://www.lib.tpu.ru/fulltext/c/2013/C01/V2/070.pdf
Format: Elektronski Book Chapter
KOHA link:https://koha.lib.tpu.ru/cgi-bin/koha/opac-detail.pl?biblionumber=243195

MARC

LEADER 00000naa2a2200000 4500
001 243195
005 20251217112138.0
035 |a (RuTPU)RU\TPU\book\264533 
035 |a RU\TPU\book\264528 
090 |a 243195 
100 |a 20130920d2013 k y0rusy50 ca 
101 0 |a rus 
102 |a RU 
135 |a drnn ---uucaa 
181 0 |a i  
182 0 |a b 
200 1 |a Температурное поле в объеме микрочастицы при ее контакте с поверхностью  |f М. Рязанова  |g науч. рук. Б. С. Зенин 
203 |a Текст  |c электронный 
225 1 |a Материаловедение 
300 |a Заглавие с титульного экрана 
320 |a [Библиогр.: с. 143 (4 назв.)] 
337 |a Adobe Reader 
461 1 |0 (RuTPU)RU\TPU\book\263794  |t Современные техника и технологии  |o сборник трудов XIX международной научно-практической конференции студентов, аспирантов и молодых ученых, Томск, 15-19 апреля 2013 г.  |o в 3 т.  |f Национальный исследовательский Томский политехнический университет (ТПУ)   |d 2013 
463 1 |0 (RuTPU)RU\TPU\book\263797  |t Т. 2  |v [С. 142-143]  |d 2013 
610 1 |a труды учёных ТПУ 
610 1 |a электронный ресурс 
610 1 |a температурное поле 
610 1 |a микрочастицы 
610 1 |a контактирование 
610 1 |a поверхность 
700 1 |a Рязанова  |b М. 
702 1 |a Зенин  |b Б. С.  |c специалист в области материаловедения  |c доцент Томского политехнического университета, кандидат физико-математических наук  |f 1942-  |g Борис Сергеевич  |3 (RuTPU)RU\TPU\pers\29010  |4 727 
712 0 2 |a Национальный исследовательский Томский политехнический университет (ТПУ)  |b Институт физики высоких технологий (ИФВТ)  |b Кафедра материаловедения в машиностроении (ММС)  |3 (RuTPU)RU\TPU\col\18688 
801 2 |a RU  |b 63413507  |c 20130920  |g RCR 
856 4 |u http://www.lib.tpu.ru/fulltext/c/2013/C01/V2/070.pdf 
942 |c CF